000 00485nam a2200205Ia 4500
008 170918s9999 xx 000 0 und d
020 _a9780439856867
050 _bS291 2005
100 _aSchachner, Judy
245 _aSkippyjon Jones :
245 _bin the dog-house /
245 _cby Judy Schachner.
260 _aNew York :
260 _bScholastic,
260 _c2005
300 _aunpaged :
300 _bcolored illustration ;
300 _c23cm.
500 _a720
999 _c342807
_d342807